| 000 | 01537nam a2200289Ia 4500 | ||
|---|---|---|---|
| 005 | 20260324141704.0 | ||
| 008 | 008 260324s9999 xx 000 0 eng d | ||
| 020 | _a9780429291470 | ||
| 037 | _aEBOOK | ||
| 040 | _aCRL | ||
| 040 | _beng | ||
| 040 | _cCRL | ||
| 041 | _2eng | ||
| 041 | _aeng | ||
| 084 | _qCRL | ||
| 100 |
_aDanilo D. Lasic; Yechezkel Barenholz; Gregory Gregoriadis; Leaf Huang; Donald F.H. Wallach; Guy Vanlerberghe; Brigitte Sternberg; Richard Bartha; Raina M. Miller; Marjeta Sentjurc; Abrahm Minsky; Hassan Farhood; Mauro Maccarrone; Luke S. S. Guo; Peter J. Quinn; Patricia Dufour; Alfonso de la Maza; Eliahu Kalmanzon; Shigeo Katoh; Anup K. Singh; Stuart G. Reeves; Rodolfo Ghirlando; Hezi Gershon; Antonello Rossi; Alessandro Fina Agro; Steven F. Perrett; Masaaki Kishimura; Hideki Fukuda; Ruben G. Carbonell; Sui Ti A. Siebert; Ilia Y. Jimenez; Ishan Gursel; Sophia G. Antimisiaris; Philip L. Felgner; Richard A. Durst; Luisa Coderch; Albert M. Manich; Pilar Bosch; J. L. Parra; Ramachandran Radhakrisnan; Ming Man; Jean-Christophe Vuillemard; Edith Laloy; Ronald E. Simard; Violeta Gabrijelcic; N. Emanuel; Eli Kedar; O. Toker; E. Boltonin _91209129 |
||
| 245 | 0 | _aHandbook of Nonmedical Applications of Liposomes | |
| 245 | 0 | _bFrom Gene Delivery and Diagnosis to Ecology | |
| 260 | _bTaylor and Francis | ||
| 260 | _c1996 | ||
| 365 | _a | ||
| 365 | _b360 | ||
| 856 | _uhttp://www.taylorfrancis.com/books/9780429291470 | ||
| 942 | _cEBOOK | ||
| 999 |
_c1812495 _d1812495 |
||